Hauptstädte aus Elementen #1 - Statistiken

Allgemein
  • Dieses Quiz wurde 150 mal gespielt
  • Das Durchschnittsergebnis liegt bei 6 aus 8
Antwortstatistiken
Elementen Land % Korrekt
Bor + Erbium + Lithium + Stickstoff Berlin
97%
Wolfram + Argon + Scandium + Wasserstoff + Gold Warschau
88%
Praseodym + Silber Prag
85%
Natrium + Iridium + Sauerstoff + Bismuth Nairobi
79%
Kalium + Iod + Gallium + Lithium Kigali
75%
Kohlenstoff + Argon + Actinium + Arsen Caracas
72%
Stickstoff + Arsen + Schwefel + Gold Nassau
68%
Fluor + Uran + Natrium + Fluor + Uran + Titan Funafuti
62%
Keine übereinstimmenden Quizze gefunden
Verteilung der Resultate
Anzahl Personen mit jedem Resultat
Perzentil nach korrekt beantworteten Fragen
Ihre Resultats-Entwicklung
Sie haben dieses Quiz noch nicht gespielt